The practice of value management: enhancing value or cutting cost? (Record no. 93203)

MARC details
000 -LEADER
fixed length control field 00860cam a2200277 4500
008 - FIXED-LENGTH DATA ELEMENTS--GENERAL INFORMATION
fixed length control field 090401t1991 xxu||||| |||| 00| 0 eng d
020 ## - INTERNATIONAL STANDARD BOOK NUMBER
International Standard Book Number 0854064931
035 ## - SYSTEM CONTROL NUMBER
System control number (Sirsi) u52975
041 ## - LANGUAGE CODE
Language code of text/sound track or separate title eng
050 ## - LIBRARY OF CONGRESS CALL NUMBER
Classification number 658.1552
090 ## - LOCALLY ASSIGNED LC-TYPE CALL NUMBER (OCLC); LOCAL CALL NUMBER (RLIN)
Classification number (OCLC) (R) ; Classification number, CALL (RLIN) (NR) RICS 1991/35ABCDEF
100 ## - MAIN ENTRY--PERSONAL NAME
Personal name Kelly, J.R.
245 #4 - TITLE STATEMENT
Title The practice of value management: enhancing value or cutting cost?
260 ## - PUBLICATION, DISTRIBUTION, ETC.
Place of publication, distribution, etc. London
Name of publisher, distributor, etc. RICS
Date of publication, distribution, etc. 1991
300 ## - PHYSICAL DESCRIPTION
Extent xi, 106p.; 30cm.
350 ## - PRICE (NR) (BK AM CF MU VM SE) [OBSOLETE]
Price 12
520 ## - SUMMARY, ETC.
Summary, etc. Funded by RICS Education Trust.
650 ## - SUBJECT ADDED ENTRY--TOPICAL TERM
Topical term or geographic name entry element VALUE ENGINEERING
650 ## - SUBJECT ADDED ENTRY--TOPICAL TERM
Topical term or geographic name entry element VALUE MANAGEMENT
690 ## - LOCAL SUBJECT ADDED ENTRY--TOPICAL TERM (OCLC, RLIN)
Topical term or geographic name as entry element Quantity surveying
9 (RLIN) 6263
700 ## - ADDED ENTRY--PERSONAL NAME
Personal name Male, S.P.
710 ## - ADDED ENTRY--CORPORATE NAME
Corporate name or jurisdiction name as entry element Heriot-Watt University. Department of Building Engineering and Surveying
9 (RLIN) 3049
710 ## - ADDED ENTRY--CORPORATE NAME
Corporate name or jurisdiction name as entry element Royal Institution of Chartered Surveyors
Subordinate unit Quantity Surveyors' Division
9 (RLIN) 1263
942 ## - ADDED ENTRY ELEMENTS (KOHA)
Suppress in OPAC 0
948 ## - LOCAL PROCESSING INFORMATION (OCLC); SERIES PART DESIGNATOR (RLIN)
c (OCLC) 04/03/1997
Holdings
Withdrawn status Lost status Source of classification or shelving scheme Damaged status Not for loan Home library Current library Shelving location Date acquired Cost, normal purchase price Total Checkouts Full call number Barcode Date last seen Copy number Cost, replacement price Price effective from Koha item type Date last checked out
    Dewey Decimal Classification     London London RICS Boxes 03/10/1991 12.00   RICS 1991/35 30029386 06/08/2019 1 12.00 06/08/2019 Archive  
    Dewey Decimal Classification     London London RICS Boxes 03/10/1991 12.00   RICS 1991/35 30029387 06/08/2019 2 12.00 06/08/2019 Reference material  
    Dewey Decimal Classification     London London RICS Boxes 03/10/1991 12.00 9 RICS 1991/35 30029388 06/08/2019 3 12.00 06/08/2019 Book 17/02/2009
    Dewey Decimal Classification     London London RICS Boxes 03/10/1991 12.00 10 RICS 1991/35 30029389 06/08/2019 4 12.00 06/08/2019 Book 14/04/2003
    Dewey Decimal Classification     London London RICS Boxes 06/05/1992 12.00 12 RICS 1991/35 30033467 06/08/2019 5 12.00 06/08/2019 Book 16/11/2006